Исследование эффективности фазочастотных алгоритмов прослеживания сейсмических волн; Проблемы геологии и освоения недр

التفاصيل البيبلوغرافية
Parent link:Проблемы геологии и освоения недр.— 2004.— С. 393-394
المؤلف الرئيسي: Кожегачев А. В.
مؤلفون آخرون: Иванченков В. П. (научный руководитель)
اللغة:الروسية
منشور في: 2004
الموضوعات:
التنسيق: فصل الكتاب
KOHA link:https://koha.lib.tpu.ru/cgi-bin/koha/opac-detail.pl?biblionumber=211410

MARC

LEADER 00000naa2a2200000 4500
001 211410
005 20231031192514.0
035 |a (RuTPU)RU\TPU\book\230946 
090 |a 211410 
100 |a 20120313d2004 k y0rusy50 ca 
101 0 |a rus 
102 |a RU 
200 1 |a Исследование эффективности фазочастотных алгоритмов прослеживания сейсмических волн  |f А. В. Кожегачев  |g науч. рук. В. П. Иванченков 
320 |a Библиогр.: 3 назв. 
463 0 |0 (RuTPU)RU\TPU\book\77451  |y 5-89503-079-3  |t Проблемы геологии и освоения недр  |o труды Восьмого Международного симпозиума имени ак. М. А. Усова студентов и молодых ученых, посвященного 400-летию г. Томска, 5-9 апреля 2004 г., Томск  |f Администрация г. Томска; Томский политехнический университет  |v С. 393-394  |d 2004  |p 913 с. 
610 1 |a фазочастотные алгоритмы 
610 1 |a эффективность 
610 1 |a сейсмические волны 
610 1 |a прослеживание 
610 1 |a фазочастотное прослеживание 
610 1 |a труды учёных ТПУ 
700 1 |a Кожегачев  |b А. В. 
702 1 |a Иванченков  |b В. П.  |4 727 
801 1 |a RU  |b 63413507  |c 20120313 
942 |c BK